Israel o Atenas: ensayos sobre religión, teología y racionalidad

Uloženo v:
Podrobná bibliografie
Hlavní autor: Habermas, Jürgen (Autor)
Médium: Kniha
Jazyk:španělština
Vydáno: Madrid Trotta 2001
Edice:Colección Estructuras y Procesos. Filosofía
Témata:
Tagy: Přidat tag
Žádné tagy, Buďte první, kdo vytvoří štítek k tomuto záznamu!

MARC

LEADER 00000nam a2200000 a 4500
001 UCN9975
003 CL-VaPUC
008 011221e20010000SP |||||||||||||||||spa|d
020 |a 8481644404 
082 0 4 |a 200.1  |b HAB  |2 21 
100 0 |a Habermas, Jürgen  |e author  |9 334312 
245 1 0 |a Israel o Atenas: ensayos sobre religión, teología y racionalidad 
300 |a 209 p 
942 |c BK 
945 |d 20011221 00:00:00  |a crobeson 
260 |a Madrid  |b Trotta  |c 2001 
650 0 |a Filosofía de la religión   |9 256017 
650 0 |a Teología   |9 258766 
650 0 |a Racionalidad  |9 323325 
650 0 |a Filosofía alemana   |9 265002 
583 |a last modification  |c 20011221 00:00:00  |k Rodrigo Vera 
490 0 |a Colección Estructuras y Procesos. Filosofía 
999 |c 299058  |d 299056 
952 |0 0  |1 2  |4 0  |6 200_100000000000000_HAB_2001  |7 0  |8 A  |9 355190  |a BIBTEO  |b BIBTEO  |d 2019-11-21  |i 3785726  |o 200.1 HAB 2001  |p 3785726  |r 2019-11-21  |w 2019-11-21  |y BK  |k ICR 
952 |0 0  |1 0  |4 0  |6 200_100000000000000_HAB_2001  |7 0  |8 A  |9 355191  |a BIBEDU  |b BIBEDU  |d 2019-11-21  |i 3959902  |l 1  |m 1  |o 200.1 HAB 2001  |p 3959902  |r 2020-05-15  |s 2020-03-11  |w 2019-11-21  |y BK  |k FIL